| 000 | 00512nam a2200205 a 4500 | ||
|---|---|---|---|
| 001 | 23616 | ||
| 003 | CO-ViMGA | ||
| 008 | 141112s2004 ck r 000 u spa d | ||
| 020 | _a9788478290949 | ||
| 040 |
_aCO-ViMGA _bspa _cCO-ViMGA |
||
| 082 | 0 | 4 | _a611 M174a |
| 100 | 1 |
_aMaried, Elanie _934107 |
|
| 245 | 1 | 0 |
_aAnatomia y fisiologia humana / _cElanie Maried |
| 250 | _a9 ed, | ||
| 260 | _aEspaƱa. Pearson | ||
| 300 | _a655p. | ||
| 650 | 1 | 4 | _aANATOMIA |
| 650 | 1 | 4 |
_aANATOMIA HUMANA _913108 |
| 942 |
_2ddc _cBK |
||
| 999 |
_c31733 _d31733 |
||